Superhero Receipts Quiz Stats

 Plays Quiz Updated Jul 10, 2018

Support Sporcle.
Go Orange.
Score 0/10 Timer 05:00
0 Plays Today
% Correct
Iron Man
98.1%
Batman
97.5%
Superman
97.1%
Spider-Man
89.1%
Black Panther
86.8%
Wonder Woman
86.5%
Teenage Mutant Ninja Turtles
81.8%
Wolverine
78.7%
Green Arrow
74.6%
Hellboy
52.1%

You're not logged in!

Compare scores with friends on all Sporcle quizzes.
OR
Log In

From the Vault

'T' Celebrity Images

by sproutcm

Whoever left T-Pain off this quiz is really disappointing us right now.
Remove Ads.
Support Sporcle.
Get the best of Sporcle when you Go Orange. This ad-free experience offers more features, more stats, and more fun while also helping to support Sporcle. Thank you for becoming a member.

Show Comments

Extras

Top Quizzes Today


Score Distribution

Your Account Isn't Verified!

In order to create a playlist on Sporcle, you need to verify the email address you used during registration. Go to your Sporcle Settings to finish the process.

Report this User

Report this user for behavior that violates our Community Guidelines.

Details: